Statistics for Countries by Partial Shape

Click here to take the quiz!

General Stats

  • This quiz has been taken 11 times
  • The average score is 23 of 30

Answer Stats

Answer% Correct
Croatia
100%
Egypt
100%
France
100%
Iceland
100%
Senegal
100%
South Africa
100%
Chile
91%
India
91%
Italy
91%
Thailand
91%
Canada
82%
Mexico
82%
Norway
82%
South Korea
82%
United Kingdom
82%
China
73%
Ireland
73%
Namibia
73%
Romania
73%
Turkey
73%
Bangladesh
64%
Colombia
64%
D.R. Congo
64%
Russia
64%
Australia
55%
Japan
55%
Afghanistan
45%
Switzerland
45%
Uzbekistan
45%
Vietnam
45%

Score Distribution

Percentile by Number Answered

Percent of People with Each Score

Your Score History

You have not taken this quiz